Le sauvetage du Grand-Due / (Record no. 48086)

MARC details
000 -LEADER
campo de control de longitud fija 00491nam a22001815i 4500
001 - NÚMERO DE CONTROL
campo de control 48086
003 - IDENTIFICADOR DE NÚMERO DE CONTROL
campo de control ES-MaACL
005 - FECHA Y HORA DE LA ÚLTIMA TRANSACCIÓN
campo de control 20230906161706.0
007 - CAMPO FIJO DE DESCRIPCIÓN FÍSICA--INFORMACIÓN GENERAL
campo de control de longitud fija t|
008 - DATOS DE LONGITUD FIJA--INFORMACIÓN GENERAL
campo de control de longitud fija 981119s1897 fr ||||1| fre d
040 ## - FUENTE DE CATALOGACIÓN
Centro catalogador/agencia de origen CAM
Lengua de catalogación spa
Centro/agencia transcriptor CCPB
100 1# - ENTRADA PRINCIPAL--NOMBRE DE PERSONA
Nombre de persona Curel, François de.
9 (RLIN) 42204
245 13 - MENCIÓN DEL TÍTULO
Título Le sauvetage du Grand-Due /
Mención de responsabilidad, etc. Francois de Curel.
250 ## - MENCION DE EDICION
Mención de edición Nouvelle ed.
260 ## - PUBLICACIÓN, DISTRIBUCIÓN, ETC.
Lugar de publicación, distribución, etc. Paris :
Nombre del editor, distribuidor, etc. [s.n.],
Fecha de publicación, distribución, etc. 1897 (
Fabricante Tip. G. Chamerot)
300 ## - DESCRIPCIÓN FÍSICA
Extensión 280 p. ;
Dimensiones 19 cm.
852 ## - LOCALIZACIÓN
Ubicación ES-MaACL
Número de control de estantería F-8830
Holdings
Estatus retirado Estado de pérdida Estado de daño No para préstamo Colección Biblioteca de origen Biblioteca actual Ubicación en estantería Fecha de adquisición Fuente de adquisición Total de préstamos Signatura topográfica completa Código de barras Visto por última vez Precio de reemplazo Tipo de ítem Koha
        Libros del s. XIX Biblioteca del Ateneo de Madrid Biblioteca del Ateneo de Madrid Sala Pecera Planta 2 17/01/2008     F-8830 1050610 23/02/2023 23/02/2023 Libro impreso antiguo